Trh podielových fondov v SR

Plnenie ekonomickej funkcie kolektívneho investovania na Slovensku. Zmeny na trhu kolektívneho investovania. Počet otvorených podielových fondov, ktoré sa predávajú na slovenskom trhu. Aktíva v podielových fondoch v SR. Predaj podielových fondov. Trhové podiely na trhu otvorených podielových fondov.

Guardado en:
Detalles Bibliográficos
Autor principal: Pilch, Ctibor, 1957-
Formato: Capítulo de libro
Lenguaje:eslovaco
Materias:
Etiquetas: Agregar Etiqueta
Sin Etiquetas, Sea el primero en etiquetar este registro!

MARC

LEADER 00000naa$a2200000$$$4500
001 0029209
005 20240502071433.1
041 0 |a slo 
044 |a SK 
245 1 0 |a Trh podielových fondov v SR  |c Ctibor Pilch 
520 |a Plnenie ekonomickej funkcie kolektívneho investovania na Slovensku. Zmeny na trhu kolektívneho investovania. Počet otvorených podielových fondov, ktoré sa predávajú na slovenskom trhu. Aktíva v podielových fondoch v SR. Predaj podielových fondov. Trhové podiely na trhu otvorených podielových fondov. 
610 2 0 |a trh finančný 
610 2 0 |a fondy podielové 
610 2 0 |a fondy podielové otvorené 
610 2 0 |a investovanie kolektívne 
610 2 0 |a Slovensko 
610 2 0 |a spoločnosti správcovské 
100 1 |a Pilch, Ctibor, 1957-